书目信息 |
| 题名: |
杜牧全传
|
|
| 作者: | 吴在庆 著 | |
| 分册: | ||
| 出版信息: | 长春 长春出版社 1998.02 |
|
| 页数: | 407页 | |
| 开本: | 32开 | |
| 丛书名: | ||
| 单 册: | ||
| 中图分类: | I247.53 | |
| 科图分类: | ||
| 主题词: | 小说--中国 | |
| 电子资源: | ||
| ISBN: | 7-80604-669-0 | |
| 000 | 00520nam0 2200193 45 | |
| 001 | 0011111568 | |
| 005 | 20001111152819.0 | |
| 010 | @a7-80604-669-0@d19.00元 | |
| 100 | @a20001111d1998 km y0chiy0120 ea | |
| 101 | 0 | @achi |
| 105 | @a z 000yy | |
| 200 | 1 | @a杜牧全传@ADu Mu Quan Chuan@f吴在庆著@FWu Zai Qing Zhu |
| 210 | @a长春@c长春出版社@d1998.02 | |
| 215 | @a407页@d32开 | |
| 606 | 0 | @a小说@x中国 |
| 690 | @aI247.53@v3 | |
| 701 | 0 | @a吴在庆@4著 |
| 801 | @aCN@bPftUser@c20001111 | |
| 905 | @b401766@dI247.53@eW696@f1 | |
| 杜牧全传/吴在庆著.-长春:长春出版社,1998.02 |
| 407页;32开 |
| ISBN 7-80604-669-0:19.00元 |
| ● |
| 相关链接 |
|
|
|
正题名:杜牧全传
索取号:I247.53/W696
 
预约/预借
| 序号 | 登录号 | 条形码 | 馆藏地/架位号 | 状态 | 备注 |
| 1 | 401766 | 204017660 | 社科二线422/422社科库 4排2列6层/ [索取号:I247.53/W696] | 在馆 |